000
00290nam a2200133Ia 4500
082
_a
621.3815
_b
FLO
100
_a
Floyd, Thomas L.
245
_a
Digital fundamentals
250
_a
8th Ed.
260
_b
Pearson
_a
N.Delhi
_c
2009
300
_a
582p.
700
_a
Jain,R.P
942
_2
ddc
_c
BK
_0
3
999
_c
5309
_d
5309